[Event "World ol U16"]
[Site "Ahmedabad"]
[Date "2017.12.18"]
[Round "9.3"]
[White "Arjun Erigaisi"]
[Black "Timur Fakhrutdinov"]
[Result "1-0"]
[EventDate "?"]
[WhiteElo "2359"]
[BlackElo "2408"]
[Source "chessbites.com; date by Chess Assistant 21"]
[PlyCount "46"]

1. c4 Nf6 2. Nf3 e6 3. g3 d5 4. Bg2 dxc4 5. Qa4+ Nbd7 6. Qxc4 c5 7. d4 a6 8. Qc2 b6 9. Ne5 Nd5 10. Nc3 Nxe5 11. Nxd5 exd5 12. dxe5 Be6 13. O-O Qd7 14. f4 g6 15. e4 dxe4 16. Rd1 Bd5 17. Be3 Rd8 18. Bxe4 Bxe4 19. Qxe4 Qxd1+ 20. Rxd1 Rxd1+ 21. Kg2 Be7 22. Qc6+ Rd7 23. g4 1-0

[Event "World ol U16"]
[Site "Ahmedabad"]
[Date "2017.12.17"]
[Round "8.2"]
[White "Ekin Baris Ozenir"]
[Black "Arjun Erigaisi"]
[Result "0-1"]
[EventDate "?"]
[WhiteElo "2377"]
[BlackElo "2359"]
[Source "chessbites.com; date by Chess Assistant 21"]
[PlyCount "134"]

1. d4 Nf6 2. Bg5 d5 3. Bxf6 gxf6 4. e3 c5 5. Nc3 Nc6 6. Qh5 e6 7. O-O-O cxd4 8. exd4 Bb4 9. Nge2 Bd7 10. g3 f5 11. Bg2 Qf6 12. a3 Ba5 13. Rd3 O-O-O 14. Rhd1 Kb8 15. Kb1 Rc8 16. Qf3 Ne7 17. Nc1 Rc4 18. Nb3 Bb6 19. Bf1 a6 20. R3d2 Rc7 21. Na2 Ka8 22. Qf4 Rhc8 23. Nb4 Ba4 24. Qf3 Qh6 25. h4 Ng8 26. Qe2 Ba7 27. Na5 Nf6 28. f3 Qg7 29. Qe5 Bb8 30. Qe1 Rg8 31. Rg2 Qf8 32. Rc1 Qd8 33. c4 Re7 34. Nd3 b6 35. Qb4 Be8 36. Nb3 dxc4 37. Rxc4 Bb5 38. Rc1 Rxg3 39. Rxg3 Bxg3 40. Ne5 Nd5 41. Qd2 Bf4 42. Qe1 Bxc1 43. Bxb5 Bf4 44. Bc6+ Ka7 45. Nxf7 Rxf7 46. Qxe6 Rf6 47. Qxd5 Qxd5 48. Bxd5 Rh6 49. Bf7 Rxh4 50. d5 Be5 51. Nc1 Rh1 52. Kc2 h5 53. Nd3 Bd6 54. Be6 f4 55. Kc3 Rf1 56. Kd4 Rxf3 57. Ne5 Bxe5+ 58. Kxe5 Rd3 59. Kxf4 Kb7 60. Kg5 Kc7 61. Kxh5 Kd6 62. Kg5 Rb3 63. Kf4 Rxb2 64. Ke4 Ra2 65. Kd4 Rxa3 66. Kc4 b5+ 67. Kb4 Ra4+ 0-1

[Event "World ol U16"]
[Site "Ahmedabad"]
[Date "2017.12.14"]
[Round "5.3"]
[White "Arjun Erigaisi"]
[Black "Dan Poleg"]
[Result "1-0"]
[EventDate "?"]
[WhiteElo "2359"]
[BlackElo "2268"]
[Source "chessbites.com; date by Chess Assistant 21"]
[PlyCount "86"]

1. c4 e6 2. d4 Nf6 3. g3 d5 4. Nf3 dxc4 5. Bg2 Nbd7 6. O-O c5 7. Qa4 a6 8. Nc3 Be7 9. dxc5 Bxc5 10. Ne5 O-O 11. Nxc4 Rb8 12. Qb3 b5 13. Nd2 Bb7 14. Bxb7 Rxb7 15. Nde4 Qb6 16. Bf4 Nxe4 17. Nxe4 e5 18. Bd2 Rc8 19. Rac1 Rbc7 20. Nxc5 Nxc5 21. Qe3 Nd7 22. Rxc7 Rxc7 23. Qa3 Qe6 24. Rd1 Nf6 25. Bc3 Rd7 26. Rxd7 Nxd7 27. Qa5 h6 28. Qc7 Kh7 29. e4 Kg6 30. a3 Kh7 31. Kg2 f6 32. Bb4 f5 33. Qc2 f4 34. Qc8 h5 35. f3 h4 36. gxh4 Qg6+ 37. Kf1 Qe6 38. h5 Qf7 39. Kg2 Kh6 40. Qh8+ Kg5 41. Qh7 Nf6 42. h4+ Kxh4 43. Qf5 1-0

[Event "World ol U16"]
[Site "Ahmedabad"]
[Date "2017.12.13"]
[Round "4.3"]
[White "Tomas Kapitanchuk"]
[Black "Arjun Erigaisi"]
[Result "0-1"]
[EventDate "?"]
[WhiteElo "2134"]
[BlackElo "2359"]
[Source "chessbites.com; date by Chess Assistant 21"]
[PlyCount "82"]

1. e4 e6 2. d3 c5 3. g3 Nc6 4. Bg2 g6 5. Nf3 Bg7 6. O-O Nge7 7. Re1 d5 8. Nbd2 O-O 9. c3 Qc7 10. exd5 Nxd5 11. a4 b6 12. Nc4 Ba6 13. Qc2 Rad8 14. Bg5 f6 15. Bd2 e5 16. Rad1 Kh8 17. Bc1 Bc8 18. Na3 Bf5 19. Nb5 Qd7 20. Qb3 Na5 21. Qa2 Be6 22. Qb1 a6 23. Na3 Qxa4 24. h3 Nb3 25. Qc2 b5 26. Nd2 Nxc1 27. Qxa4 bxa4 28. Rxc1 Bh6 29. Rcd1 Nc7 30. Ne4 Bb3 31. Ra1 Ne6 32. Nb1 Rxd3 33. Bf1 Rd7 34. g4 f5 35. Ng3 Ng5 36. Bg2 e4 37. h4 Ne6 38. Nf1 Nf4 39. g5 Bg7 40. Ne3 Nd3 41. Re2 f4 0-1

[Event "Penang op-A 9th"]
[Site "Penang"]
[Date "2017.12.09"]
[Round "9"]
[White "Arjun Erigaisi"]
[Black "Peng Kong Chan"]
[Result "1-0"]
[EventDate "?"]
[WhiteElo "2359"]
[BlackElo "2177"]
[Source "chessbites.com; date by Chess Assistant 21"]
[PlyCount "58"]

1. d4 Nf6 2. Bg5 d5 3. Bxf6 exf6 4. e3 Bd6 5. c4 dxc4 6. Bxc4 O-O 7. Nc3 c6 8. Qc2 Re8 9. Nge2 f5 10. O-O-O Nd7 11. h3 Nf6 12. g4 Ne4 13. Rdf1 Qe7 14. Nd1 Be6 15. Bxe6 Qxe6 16. f3 Nf6 17. Kb1 fxg4 18. hxg4 g6 19. e4 Nxe4 20. fxe4 Qxe4 21. Nec3 Qxg4 22. Nf2 Qg2 23. Rhg1 Qh2 24. Qb3 Re7 25. Nfe4 Bf4 26. Nf6+ Kg7 27. Nce4 Rd8 28. Rh1 Qg2 29. Rfg1 1-0

[Event "Penang op-A 9th"]
[Site "Penang"]
[Date "2017.12.07"]
[Round "6"]
[White "John Marvin Miciano"]
[Black "Arjun Erigaisi"]
[Result "0-1"]
[EventDate "?"]
[WhiteElo "2224"]
[BlackElo "2359"]
[Source "chessbites.com; date by Chess Assistant 21"]
[PlyCount "142"]

1. e4 e6 2. d4 d5 3. Nc3 Nf6 4. e5 Nfd7 5. f4 c5 6. Nf3 Nc6 7. Be3 a6 8. Qd2 b5 9. dxc5 Bxc5 10. Bd3 Bb7 11. Bf2 Qb6 12. a3 Rc8 13. O-O Bxf2+ 14. Rxf2 g6 15. Ne2 Nc5 16. Qe3 Na4 17. Qxb6 Nxb6 18. Ned4 Ke7 19. Nxc6+ Rxc6 20. Nd4 Rc7 21. Kf1 h5 22. Ke2 Na4 23. Rb1 Bc6 24. Ke3 Bd7 25. b3 Nc3 26. Re1 Bc8 27. Ne2 Nxe2 28. Rfxe2 Bd7 29. Kd4 a5 30. Ra1 Rb8 31. b4 Ra8 32. Ree1 Rca7 33. Rab1 axb4 34. axb4 Kd8 35. g3 Kc7 36. Kc5 Ra6 37. Rb3 Kb7 38. Rbb1 Rc8+ 39. Kd4 Kb6 40. Ra1 Ra4 41. Rab1 Rh8 42. h3 Raa8 43. Rh1 Ra4 44. Rb2 Raa8 45. Rb3 Ra4 46. Rbb1 Bc6 47. Rh2 Rh6 48. h4 Rh8 49. Rg2 Rh7 50. c3 Ra8 51. Rh1 Rh6 52. Rhh2 Rh7 53. Ra2 Rhh8 54. Rxa8 Rxa8 55. Rb2 Ra1 56. Bb1 Bb7 57. Rb3 Bc6 58. Ke3 Bb7 59. Kd3 Bc6 60. Kc2 d4 61. Kb2 Ra4 62. Bc2 Bd5 63. cxd4 Bxb3 64. Bxb3 Rxb4 65. Kc3 Rxb3+ 66. Kxb3 Ka5 67. Kc3 b4+ 68. Kd3 Ka4 69. f5 exf5 70. g4 b3 71. gxf5 Ka3 0-1

[Event "Penang op-A 9th"]
[Site "Penang"]
[Date "2017.12.06"]
[Round "4"]
[White "Xin Hao Looi"]
[Black "Arjun Erigaisi"]
[Result "0-1"]
[EventDate "?"]
[WhiteElo "2083"]
[BlackElo "2359"]
[Source "chessbites.com; date by Chess Assistant 21"]
[PlyCount "62"]

1. d4 Nf6 2. e3 g6 3. Bd3 Bg7 4. Nf3 d6 5. O-O O-O 6. Nbd2 c6 7. b3 Qc7 8. Bb2 Re8 9. c4 e5 10. Qc2 Bg4 11. Ne1 exd4 12. Bxd4 Nbd7 13. h3 Be6 14. Rc1 a5 15. Nef3 Nc5 16. Be2 Bf5 17. Qb2 Qe7 18. Rfd1 a4 19. b4 a3 20. Qa1 Na4 21. g4 Bd7 22. Nb1 c5 23. bxc5 dxc5 24. Be5 Bc6 25. Bd6 Qe6 26. Ng5 Qc8 27. Be5 Nb2 28. f4 Rxe5 29. fxe5 Qc7 30. Rd6 Ne8 31. Rxc6 Qxe5 0-1

[Event "IND-ch U17"]
[Site "Saravanampatty"]
[Date "2017.10.30"]
[Round "9"]
[White "Arjun Erigaisi"]
[Black "Rithvik R Raja"]
[Result "1-0"]
[EventDate "?"]
[WhiteElo "2354"]
[BlackElo "2237"]
[Source "chessbites.com; date by Chess Assistant 21"]
[PlyCount "52"]

1. d4 Nf6 2. Bg5 Ne4 3. Bf4 d5 4. f3 Nf6 5. e4 c5 6. dxc5 e6 7. Be3 e5 8. c3 Nc6 9. Bb5 dxe4 10. Nd2 Nd5 11. Qe2 exf3 12. Ngxf3 f6 13. O-O-O Be6 14. c4 Nb4 15. Ne4 Nxa2+ 16. Kb1 Qa5 17. Bd2 Nb4 18. Bxb4 Qxb4 19. Nxe5 fxe5 20. Qh5+ Ke7 21. Nd6 h6 22. Rhf1 Kd8 23. Qe8+ Kc7 24. Qxa8 Bxd6 25. cxd6+ Kb6 26. Qxh8 1-0

[Event "IND-ch U17"]
[Site "Saravanampatty"]
[Date "2017.10.29"]
[Round "8"]
[White "Arjun Erigaisi"]
[Black "Guha Mitrabha"]
[Result "1-0"]
[EventDate "?"]
[WhiteElo "2354"]
[BlackElo "2328"]
[Source "chessbites.com; date by Chess Assistant 21"]
[PlyCount "80"]

1. d4 e6 2. c4 b6 3. e4 Bb7 4. Qc2 Bb4+ 5. Bd2 Bxd2+ 6. Nxd2 d6 7. Bd3 Nd7 8. Ne2 e5 9. Qc3 Ne7 10. d5 Ng6 11. g3 a5 12. Bc2 Nc5 13. h4 h6 14. f4 Qe7 15. b3 O-O 16. f5 Nh8 17. g4 f6 18. Kf2 c6 19. dxc6 Bxc6 20. a4 Rac8 21. Qe3 Nf7 22. Rag1 Na6 23. Bd1 Nb4 24. Nc3 Ba8 25. Nf3 d5 26. exd5 Nd6 27. Nd2 e4 28. Re1 Na6 29. Ncxe4 Nxe4+ 30. Nxe4 Qb4 31. Bf3 Rfe8 32. g5 Nc5 33. Rhg1 hxg5 34. hxg5 fxg5 35. Rxg5 Nxe4+ 36. Bxe4 Rxe4 37. Qxe4 Qd2+ 38. Kf3 Qxg5 39. Qe6+ Kh7 40. Rh1+ 1-0

[Event "IND-ch U17"]
[Site "Saravanampatty"]
[Date "2017.10.28"]
[Round "7"]
[White "L R Srihari"]
[Black "Arjun Erigaisi"]
[Result "0-1"]
[EventDate "?"]
[WhiteElo "1964"]
[BlackElo "2354"]
[Source "chessbites.com; date by Chess Assistant 21"]
[PlyCount "58"]

1. d4 Nf6 2. Nf3 g6 3. g3 Bg7 4. Bg2 O-O 5. O-O c6 6. c4 d6 7. Nc3 Qa5 8. e4 e5 9. h3 Re8 10. Re1 Nbd7 11. Be3 a6 12. a3 exd4 13. Nxd4 Ne5 14. c5 dxc5 15. Nb3 Qc7 16. Nxc5 Nc4 17. Qe2 Nxe3 18. Qxe3 b6 19. Nd3 Bb7 20. Qf4 Qe7 21. Rad1 Rad8 22. e5 Nd7 23. Qe3 Ba8 24. Nb4 Nxe5 25. f4 Rxd1 26. Nxd1 Nf3+ 27. Bxf3 Bd4 28. Qxd4 Qxe1+ 29. Kh2 c5 0-1

[Event "Wch U14"]
[Site "Montevideo"]
[Date "2017.09.26"]
[Round "11"]
[White "Arjun Erigaisi"]
[Black "Sacha Brozel"]
[Result "1-0"]
[EventDate "?"]
[WhiteElo "2328"]
[BlackElo "2112"]
[Source "chessbites.com; date by Chess Assistant 21"]
[PlyCount "58"]

1. Nf3 c5 2. c4 Nc6 3. Nc3 g6 4. e3 Nf6 5. d4 d6 6. d5 Ne5 7. Nxe5 dxe5 8. e4 Bg7 9. Be3 b6 10. Be2 O-O 11. a3 a5 12. Rb1 a4 13. g4 Ne8 14. Nxa4 f5 15. gxf5 gxf5 16. Nc3 Nd6 17. Bd3 e6 18. Qh5 exd5 19. Nxd5 fxe4 20. Bg5 Rf5 21. Bxd8 Rxh5 22. Be2 Rh6 23. Bg5 Rh3 24. Nxb6 Rb8 25. Nxc8 Nxc8 26. Be3 Bf8 27. Bg4 Rh4 28. Be6+ Kh8 29. Bg5 1-0

[Event "Wch U14"]
[Site "Montevideo"]
[Date "2017.09.25"]
[Round "10"]
[White "Koustav Chatterjee"]
[Black "Arjun Erigaisi"]
[Result "0-1"]
[EventDate "?"]
[WhiteElo "2214"]
[BlackElo "2328"]
[Source "chessbites.com; date by Chess Assistant 21"]
[PlyCount "76"]

1. d4 Nf6 2. Nf3 b6 3. Bf4 Bb7 4. e3 c5 5. c3 g6 6. Bd3 Bg7 7. h3 O-O 8. O-O d6 9. Qe2 Nc6 10. Nbd2 a6 11. Rad1 cxd4 12. exd4 b5 13. a3 Re8 14. Bh2 Qb6 15. Rfe1 Rac8 16. Ne4 Na5 17. Nxf6+ Bxf6 18. Nd2 Nc4 19. Bxc4 bxc4 20. Nxc4 Qc6 21. Ne3 a5 22. d5 Qb6 23. Bf4 Bg7 24. Qd2 Qb3 25. h4 Rb8 26. Qe2 Qa4 27. Qf3 e5 28. Bg3 f5 29. h5 f4 30. hxg6 fxe3 31. Qh5 h6 32. Rxe3 Rf8 33. b4 Qxa3 34. f4 exf4 35. Re7 fxg3 36. Rde1 Qxc3 37. bxa5 Qd4+ 38. Kh1 Qf6 0-1

[Event "Wch U14"]
[Site "Montevideo"]
[Date "2017.09.24"]
[Round "9"]
[White "Arjun Erigaisi"]
[Black "Noah Fecker"]
[Result "1-0"]
[EventDate "?"]
[WhiteElo "2328"]
[BlackElo "2166"]
[Source "chessbites.com; date by Chess Assistant 21"]
[PlyCount "64"]

1. d4 Nf6 2. c4 c5 3. d5 b5 4. cxb5 a6 5. bxa6 g6 6. Nc3 Bxa6 7. Nf3 Bg7 8. e4 Bxf1 9. Kxf1 d6 10. g3 O-O 11. Kg2 Nbd7 12. a4 Ra6 13. Qc2 Qa8 14. Ra3 e6 15. dxe6 fxe6 16. Re1 d5 17. exd5 exd5 18. Nb5 Qc6 19. Ng5 Ng4 20. f4 d4+ 21. Kg1 Nb6 22. Re6 Qc8 23. a5 c4 24. Nd6 Qc5 25. Nde4 Qd5 26. Rd6 Qb5 27. Rxb6 Rxb6 28. axb6 d3 29. Qa4 Qxb6+ 30. Kg2 Rc8 31. Qd7 Rb8 32. Qd5+ 1-0

[Event "Wch U14"]
[Site "Montevideo"]
[Date "2017.09.20"]
[Round "5"]
[White "Arjun Erigaisi"]
[Black "Rohan Talukdar"]
[Result "1-0"]
[EventDate "?"]
[WhiteElo "2328"]
[BlackElo "2132"]
[Source "chessbites.com; date by Chess Assistant 21"]
[PlyCount "52"]

1. Nf3 Nf6 2. d4 g6 3. g3 Bg7 4. Bg2 d5 5. O-O O-O 6. c4 dxc4 7. Na3 Nc6 8. Nxc4 Be6 9. b3 Bd5 10. Bb2 a5 11. Rc1 a4 12. bxa4 Ra6 13. a3 Qa8 14. Ne3 Rd8 15. Nxd5 Nxd5 16. Qb3 Rxa4 17. Rfd1 Nb6 18. Ng5 e6 19. Nxe6 fxe6 20. Qxe6+ Kh8 21. d5 Bxb2 22. dxc6 Re8 23. Qf7 Qb8 24. cxb7 Bxc1 25. Qf6+ Kg8 26. Rd7 1-0

[Event "Wch U14"]
[Site "Montevideo"]
[Date "2017.09.19"]
[Round "4"]
[White "Juan Martin Ibarra"]
[Black "Arjun Erigaisi"]
[Result "0-1"]
[EventDate "?"]
[WhiteElo "1921"]
[BlackElo "2328"]
[Source "chessbites.com; date by Chess Assistant 21"]
[PlyCount "84"]

1. e4 e6 2. d4 d5 3. Nc3 Nf6 4. Bg5 Be7 5. e5 Nfd7 6. Bxe7 Qxe7 7. Qd2 a6 8. f4 c5 9. Nf3 Nc6 10. dxc5 Qxc5 11. Bd3 b5 12. O-O-O Nb6 13. Ne2 Bd7 14. Kb1 a5 15. Qc3 Nc4 16. Bxc4 bxc4 17. Ned4 Ne7 18. Rhe1 O-O 19. g4 Rab8 20. Ka1 Rb7 21. Rb1 Rfb8 22. Re3 Nc8 23. Qa3 Qb4 24. Qxb4 axb4 25. c3 Kf8 26. f5 Ke7 27. fxe6 fxe6 28. Nd2 b3 29. a3 Be8 30. N2f3 Ra8 31. Re2 Rba7 32. h4 Ra6 33. h5 h6 34. Rf1 Nb6 35. Nh4 Na4 36. Rf3 Nxb2 37. Kxb2 Rxa3 38. Kc1 Ra1+ 39. Kd2 b2 40. Nc6+ Bxc6 41. Ng6+ Kd8 42. Rf8+ Be8 0-1

[Event "Wch U14"]
[Site "Montevideo"]
[Date "2017.09.17"]
[Round "1"]
[White "Arjun Erigaisi"]
[Black "David Nesse"]
[Result "1-0"]
[EventDate "?"]
[WhiteElo "2328"]
[BlackElo "1716"]
[Source "chessbites.com; date by Chess Assistant 21"]
[PlyCount "68"]

1. c4 g6 2. d4 c5 3. d5 b5 4. e4 Nf6 5. e5 Ne4 6. Bd3 Qa5+ 7. Kf1 f5 8. f3 bxc4 9. Bxc4 Qb4 10. Qc2 Bg7 11. a3 Qb7 12. fxe4 fxe4 13. Qxe4 O-O+ 14. Nf3 d6 15. Kg1 Bf5 16. Qh4 Kh8 17. h3 dxe5 18. Nc3 e4 19. Nxe4 Bxb2 20. Bxb2+ Qxb2 21. Re1 Qg7 22. Ng3 Re8 23. d6 e6 24. Bd5 Nd7 25. Bxa8 Rxa8 26. Qe7 c4 27. Nxf5 gxf5 28. Qxg7+ Kxg7 29. Rxe6 Nc5 30. Re7+ Kf6 31. Rc7 Ne4 32. d7 Rd8 33. Kh2 c3 34. Rd1 1-0

[Event "ch-Commonwealth 2017"]
[Site "New Delhi IND"]
[Date "2017.07.09"]
[Round "8.5"]
[White "Chithambaram VR Aravindh"]
[Black "Erigaisi Arjun"]
[Result "0-1"]
[EventDate "?"]
[WhiteElo "2593"]
[BlackElo "2324"]
[PlyCount "180"]

1. e4 e6 2. d4 d5 3. e5 c5 4. c3 Nc6 5. Nf3 Qb6 6. a3 c4 7. Nbd2 Na5 8. Be2 Bd7 9. O-O Ne7 10. a4 h6 11. Qe1 O-O-O 12. Bd1 Kb8 13. Bc2 Nc8 14. Qd1 Qc7 15. Ne1 g6 16. g3 Be7 17. Ng2 Rdg8 18. h4 Qd8 19. Nf3 a6 20. Ne3 Ka7 21. Ng4 h5 22. Nf6 Bxf6 23. exf6 Qxf6 24. Ne5 Be8 25. Bg5 Qg7 26. Qf3 f5 27. Bf4 Qe7 28. Qe3 Nd6 29. Nf3 Nf7 30. Rfb1 Bc6 31. Re1 Bd7 32. Bc7 b6 33. Bf4 Rc8 34. Re2 Rhe8 35. Rae1 Qf8 36. Qc1 Qe7 37. Kg2 Rc6 38. Qa1 Qf8 39. Qa2 Rcc8 40. Kg1 Rc6 41. Qb1 Rcc8 42. Qc1 Ka8 43. Qd1 Ka7 44. Qd2 Ka8 45. Be5 Qe7 46. Qf4 Kb7 47. Qd2 Ka7 48. Kg2 Rg8 49. Bf4 Qf6 50. Bg5 Qg7 51. Qc1 Rge8 52. Bf4 Qf6 53. Ng1 Kb7 54. Kh2 Nc6 55. Nf3 Na5 56. Qa1 Ra8 57. Rb1 Ka7 58. b4 cxb3 59. Bxb3 Rac8 60. Qb2 Rc6 61. Ba2 Qd8 62. Qb4 Qe7 63. Bxd5 Qxb4 64. cxb4 exd5 65. Rxe8 Bxe8 66. Re1 Rc8 67. bxa5 bxa5 68. Re7+ Kb6 69. Re6+ Kb7 70. Re7+ Kb6 71. Re6+ Kb7 72. Rxg6 Nd8 73. Rg7+ Kb6 74. Bd6 Nb7 75. Bf4 Bxa4 76. Rg6+ Ka7 77. Ne5 Be8 78. Rg8 a4 79. Nc6+ Rxc6 80. Rxe8 Rc2 81. Kg2 a3 82. Re3 a2 83. Ra3 Kb6 84. Bg5 Nd6 85. Bd8+ Kb7 86. Be7 Ne4 87. Bb4 Rxf2+ 88. Kh3 Rb2 89. Be1 Rb1 90. Rxa2 Rxe1 0-1

[Event "Bhubaneswar op 10th"]
[Site "Bhubaneswar"]
[Date "2017.06.02"]
[Round "10"]
[White "Arjun Erigaisi"]
[Black "Sekhar Chandra Sahu"]
[Result "1-0"]
[EventDate "?"]
[WhiteElo "2338"]
[BlackElo "2167"]
[Source "chessbites.com; date by Chess Assistant 21"]
[PlyCount "110"]

1. d4 Nf6 2. c4 e6 3. Nc3 Bb4 4. e3 O-O 5. Ne2 Re8 6. a3 Bf8 7. Ng3 d6 8. Bd3 e5 9. d5 c6 10. e4 a6 11. b4 a5 12. Rb1 axb4 13. axb4 Na6 14. O-O c5 15. bxc5 Nxc5 16. Be3 Ng4 17. Bxc5 dxc5 18. h3 Nf6 19. Nb5 g6 20. Ra1 Ra6 21. Rxa6 bxa6 22. Na7 Bd7 23. Bc2 Qc7 24. Nc6 Bxc6 25. dxc6 Rd8 26. Qa1 Qxc6 27. Qxe5 Rd4 28. Rd1 Rxc4 29. Bb3 Rb4 30. Qc3 c4 31. Bc2 Rb8 32. e5 Ne8 33. Be4 Qa4 34. Rc1 Bh6 35. Ra1 Qb3 36. Qe1 Rd8 37. Rb1 Qa4 38. Kh2 Bd2 39. Qe2 c3 40. e6 fxe6 41. Bc2 Qc6 42. Ne4 Kg7 43. Rb4 a5 44. Rc4 Qb5 45. Nc5 Rd5 46. Nxe6+ Kf6 47. Ba4 Qb8+ 48. f4 Nd6 49. Nc7 Qg8 50. Nxd5+ Qxd5 51. Rc6 Bxf4+ 52. g3 Be5 53. Qf2+ Ke6 54. Rc7 h5 55. Bd7+ 1-0

[Event "Bhubaneswar op 10th"]
[Site "Bhubaneswar"]
[Date "2017.06.01"]
[Round "9"]
[White "Kundu Subhayan"]
[Black "Arjun Erigaisi"]
[Result "0-1"]
[EventDate "?"]
[WhiteElo "2121"]
[BlackElo "2338"]
[Source "chessbites.com; date by Chess Assistant 21"]
[PlyCount "46"]

1. e4 e6 2. d4 d5 3. Nc3 Nf6 4. e5 Nfd7 5. f4 c5 6. Nf3 Nc6 7. Be3 a6 8. Qd2 b5 9. dxc5 Bxc5 10. Bd3 Bb7 11. Bf2 Rc8 12. O-O Qb6 13. Rae1 Ne7 14. Ne2 Bxf2+ 15. Rxf2 Nc5 16. Nfd4 g6 17. Qe3 Qa5 18. Rff1 Ne4 19. g4 h5 20. f5 gxf5 21. gxf5 Rg8+ 22. Kh1 Nxf5 23. Nxf5 Nf2+ 0-1

[Event "Chennai op 9th"]
[Site "Chennai"]
[Date "2017.01.23"]
[Round "7"]
[White "Arjun Erigaisi"]
[Black "Pavan Teja Sharma U Shiva"]
[Result "1-0"]
[EventDate "?"]
[WhiteElo "2270"]
[BlackElo "1905"]
[Source "chessbites.com; date by Chess Assistant 21"]
[PlyCount "86"]

1. Nf3 Nf6 2. g3 g6 3. Bg2 Bg7 4. O-O O-O 5. b3 d6 6. d4 c5 7. Bb2 cxd4 8. Nxd4 Qb6 9. c4 Bd7 10. Nc3 Nc6 11. e3 Ne5 12. Qe2 Rac8 13. Rac1 Rfe8 14. h3 a6 15. Rfd1 Nc6 16. Kh2 h5 17. Nf3 Qa5 18. a3 Qb6 19. b4 Nb8 20. e4 Bh6 21. Ra1 Be6 22. c5 dxc5 23. Na4 Qb5 24. Qxb5 axb5 25. Nxc5 Bc4 26. Bxf6 exf6 27. Nxb7 Bf8 28. Nd6 Bxd6 29. Rxd6 Rxe4 30. Rxf6 Nd7 31. Rd6 Ne5 32. Ng1 Re2 33. Nxe2 Bxe2 34. Bf1 Rc2 35. Bxe2 Rxe2 36. Kg2 Nc4 37. Rd5 Ne3+ 38. Kf3 Nxd5 39. Kxe2 Kf8 40. Rc1 Ne7 41. Rc5 Nf5 42. Kd3 Nd6 43. Rc7 1-0

[Event "Chennai op 9th"]
[Site "Chennai"]
[Date "2017.01.22"]
[Round "6"]
[White "Ranveer Mohite"]
[Black "Arjun Erigaisi"]
[Result "0-1"]
[EventDate "?"]
[WhiteElo "1979"]
[BlackElo "2270"]
[Source "chessbites.com; date by Chess Assistant 21"]
[PlyCount "58"]

1. e4 e6 2. d4 d5 3. Nc3 Nf6 4. Bg5 Bb4 5. e5 h6 6. Bd2 Bxc3 7. bxc3 Ne4 8. Qg4 g6 9. Bd3 Nxd2 10. Kxd2 c5 11. h4 Nc6 12. h5 g5 13. f4 cxd4 14. cxd4 f5 15. exf6 e5 16. Qe2 e4 17. Bxe4 dxe4 18. Qxe4+ Kd7 19. d5 Kc7 20. Nf3 Re8 21. Ne5 Be6 22. c4 Qxf6 23. dxe6 Rxe6 24. g3 Nxe5 25. fxe5 Rxe5 26. Rhf1 Qe7 27. Qf3 Qb4+ 28. Kc2 Qxc4+ 29. Qc3 Re2+ 0-1

[Event "Chennai op 9th"]
[Site "Chennai"]
[Date "2017.01.18"]
[Round "1"]
[White "Arjun Erigaisi"]
[Black "S Nitin"]
[Result "1-0"]
[EventDate "?"]
[WhiteElo "2270"]
[BlackElo "1733"]
[Source "chessbites.com; date by Chess Assistant 21"]
[PlyCount "66"]

1. Nf3 Nf6 2. c4 e6 3. g3 b6 4. Bg2 Bb7 5. O-O c5 6. Nc3 Be7 7. Re1 d5 8. cxd5 exd5 9. d4 O-O 10. Bf4 Nc6 11. Rc1 Ne4 12. dxc5 Bxc5 13. Nd4 Qf6 14. Na4 Rac8 15. a3 Rfd8 16. Bh3 Ra8 17. b4 Bf8 18. Bc8 Ne5 19. Nc3 Nxc3 20. Rxc3 Nc6 21. Nxc6 Bxc6 22. Qa4 Qxc3 23. b5 Rb8 24. e4 Rd7 25. Bd6 Rc7 26. Be5 Bc5 27. Kg2 Rbxc8 28. Bf6 g6 29. Be7 Bd4 30. Bd6 Rb8 31. Rc1 Be3 32. Rb1 Bh6 33. Bxc7 Kh8 1-0

[Event "15th Delhi International GM Open-2017"]
[Site "New Delhi IND"]
[Date "2017.01.16"]
[Round "10"]
[White "Arjun Erigaisi"]
[Black "Sayantan Das"]
[Result "1-0"]
[EventDate "2017.01.09"]
[WhiteElo "2270"]
[BlackElo "2371"]
[PlyCount "78"]

1. d4 e6 2. Nf3 b6 3. e4 Bb7 4. Bd3 c5 5. c3 Nf6 6. Qe2 Be7 7. O-O d6 8. dxc5 dxc5 9. Bf4 Nc6 10. Na3 Nh5 11. Be3 Nf6 12. Rad1 Qc7 13. Bg5 h6 14. Nb5 Qb8 15. Bh4 e5 16. Bc4 a6 17. Bxf6 gxf6 18. Na3 b5 19. Bd5 Qc7 20. Nh4 h5 21. Nc2 Bf8 22. Bxc6+ Qxc6 23. f3 c4 24. Ne3 Bc5 25. Kh1 Bc8 26. Nef5 Rg8 27. f4 Bd7 28. fxe5 fxe5 29. Qxh5 O-O-O 30. Qxf7 Rge8 31. Qd5 Kc7 32. Nf3 Bxf5 33. Qxc6+ Kxc6 34. Rxd8 Rxd8 35. Nxe5+ Kc7 36. exf5 Rf8 37. g4 Kd6 38. Ng6 Rf7 39. h4 1-0

[Event "15th Delhi International GM Open-2017"]
[Site "New Delhi IND"]
[Date "2017.01.14"]
[Round "8"]
[White "Arjun Erigaisi"]
[Black "Jacek Stopa"]
[Result "1/2-1/2"]
[EventDate "2017.01.09"]
[WhiteElo "2270"]
[BlackElo "2479"]
[PlyCount "48"]

1. d4 f5 2. Nc3 Nf6 3. Bg5 e6 4. e4 fxe4 5. Nxe4 Be7 6. Bxf6 Bxf6 7. Nf3 O-O 8. Bd3 Nc6 9. c3 d5 10. Nxf6+ Qxf6 11. Qe2 Bd7 12. Bb5 a6 13. Bxc6 Bxc6 14. Qe3 a5 15. O-O Ra6 16. Rfe1 Be8 17. Ne5 Rb6 18. Re2 a4 19. f3 Qe7 20. Rae1 Bb5 21. Rf2 Rc8 22. f4 Rf8 23. g3 Qd6 24. h4 Be8 1/2-1/2

[Event "15th Delhi International GM Open-2017"]
[Site "New Delhi IND"]
[Date "2017.01.13"]
[Round "7"]
[White "Attila Czebe"]
[Black "Arjun Erigaisi"]
[Result "1-0"]
[EventDate "2017.01.09"]
[WhiteElo "2491"]
[BlackElo "2270"]
[PlyCount "100"]

1. e4 e6 2. d3 c5 3. Nf3 Nc6 4. g3 d6 5. Bg2 Nf6 6. O-O Be7 7. Re1 O-O 8. c3 Bd7 9. d4 cxd4 10. cxd4 d5 11. e5 Ne4 12. Nbd2 Nxd2 13. Bxd2 Qb6 14. Bc3 Bb4 15. Bf1 Rfc8 16. Bd3 h6 17. g4 Be8 18. Qd2 Bxc3 19. bxc3 Qd8 20. h4 Rc7 21. Kg2 Rac8 22. Rac1 Na5 23. h5 Nc4 24. Qf4 Nb2 25. Bb1 Rxc3 26. Rxc3 Rxc3 27. g5 Rxf3 28. Kxf3 Qxg5 29. Qxg5 hxg5 30. Kg4 Nc4 31. Kxg5 Kf8 32. f4 Na5 33. f5 exf5 34. Bxf5 Nc6 35. Rd1 Ke7 36. Bc8 Nd8 37. Rc1 Bc6 38. Kf5 a5 39. Rg1 Kf8 40. h6 gxh6 41. Kf6 Bb5 42. Rh1 Nc6 43. Bxb7 Ne7 44. e6 fxe6 45. Kxe6 Bc4 46. Rh2 Ke8 47. Rxh6 Kd8 48. a3 Kc7 49. Kxe7 Kxb7 50. Rd6 1-0

[Event "15th Delhi International GM Open-2017"]
[Site "New Delhi IND"]
[Date "2017.01.12"]
[Round "6"]
[White "MR Venkatesh"]
[Black "Arjun Erigaisi"]
[Result "0-1"]
[EventDate "2017.01.09"]
[WhiteElo "2439"]
[BlackElo "2270"]
[PlyCount "76"]

1. e4 e6 2. d3 c5 3. Nf3 b5 4. Nbd2 a6 5. g3 Bb7 6. Qe2 d6 7. Bg2 Be7 8. O-O Nf6 9. h3 O-O 10. Ne1 Nc6 11. f4 Nd7 12. g4 a5 13. g5 Nd4 14. Qf2 f6 15. c3 Nc6 16. g6 hxg6 17. f5 Nb6 18. fxe6 Bc8 19. d4 cxd4 20. cxd4 d5 21. Nd3 Bxe6 22. Nf4 Bf7 23. exd5 Nxd5 24. Bxd5 Bxd5 25. Nxg6 Re8 26. Qh4 Qd6 27. Re1 f5 28. Nxe7+ Nxe7 29. Nf1 Ng6 30. Qf2 Rxe1 31. Qxe1 Bb7 32. Bg5 Qd5 33. Qg3 Qxd4+ 34. Be3 Qxb2 35. Qxg6 Ra6 36. Qg3 f4 37. Bxf4 Qd4+ 38. Be3 Qxa1 0-1